000 00729cam a2200217 a 4500
001 16595916
005 20240327071453.0
008 110103s2011 enk b 001 0 eng
020 _a9780415665483 (pbk. : alk. paper)
040 _aDLC
_cDLC
_dYDX
_dBTCTA
_dYDXCP
_dUKMGB
_dBWX
_dCOO
_dCDX
_dYUS
_dPUL
_dDLC
082 0 0 _a325.3
_222
_bSUB.
245 0 0 _aSubalternity and difference :
_binvestigations from the North and the South /
_c Gyanendra Pandey.
260 _aLondon ;
_aNew York :
_bRoutledge,
_c2011.
300 _axiii, 189 p. ;
490 0 _aIntersections : colonial and postcolonial histories ;
650 0 _aPostcolonialism
650 0 _aMinorities.
650 0 _aRacism.
700 1 _aPandey, Gyanendra,
_eedt
942 _cL
999 _c619
_d619